000 00806cab a2200229 4500
001 WB3224-32
008 090401t1996 xxu||||| |||| 00| 0 eng d
035 _a(Sirsi) u34268
041 _aeng
245 _aSurety
260 _c1996
350 _a0
490 _aEstates Gazette Case Summaries
_v1996 EGCS 99 (15/6/96)
520 _a"BSE Trading Ltd v Hands" CA 23 May 1996. A surrender of a lease negotiated between a landlord and a surety without consulting co-sureties established a new contract discharging the co-surety from any further obligations save for one third of the payments prior to surrender.
650 _aGUARANTORS
650 _aLEASES
650 _aSURETIES
650 _aSURRENDER OF LEASE
690 _aLANDLORD AND TENANT-CASE LAW
942 _n0
948 _c04/03/1997
999 _c22722
_d22722